EA FC26 All Gold Germany Players - Statistics

General Stats
  • This quiz has been taken 80 times
  • The average score is 43 of 114
Answer Stats
Rate Club Answer % Correct
89 Liverpool Florian Wirtz
100%
88 Bayern Jamal Musiala
96%
89 Bayern Joshua Kimmich
96%
86 Real Madrid Antonio Rudiger
94%
86 Barcelona Marc-Andre Ter Stegen
94%
82 Bayern Leon Goretzka
88%
82 Galatasaray Leroy Sane
88%
84 Bayern Manuel Neuer
88%
82 Arsenal Kai Havertz
84%
82 Bayern Serge Gnabry
82%
83 Galatasaray Ilkay Gundogan
80%
75 Wolfsburg Marius Muller
80%
80 Vancouver Whitecaps Thomas Muller
80%
87 Bayern Jonathan Tah
76%
83 Dortmund Julian Brandt
73%
76 Augsburg Keven Schlotterbeck
73%
85 Dortmund Nico Schlotterbeck
73%
81 Dortmund Niklas Sule
73%
79 Newcastle Nick Woltemade
71%
82 Dortmund Emre Can
67%
81 Dortmund Karim Adeyemi
65%
81 Paris FC Kevin Trapp
65%
79 LA Galaxy Marco Reus
65%
79 West Ham Niclas Fullkrug
65%
83 Hoffenheim Oliver Baumann
65%
82 Dortmund Felix Nmecha
63%
76 Leeds Lukas Nmecha
63%
83 Stuttgart Angelo Stiller
59%
80 Fulham Bernd Leno
59%
80 Stuttgart Deniz Undav
59%
82 Leipzig David Raum
57%
82 Stuttgart Max Mittelstadt
55%
80 Dortmund Pascal Gross
55%
82 Dortmund Waldemar Anton
55%
79 Bayern Aleksandar Pavlovic
53%
82 Fraknfurt Mario Gotze
53%
80 Fiorentina Robin Gosens
53%
79 Man City Stefan Ortega
53%
81 Stuttgart Alexander Nubel
51%
82 Freiburg Matthias Ginter
51%
79 Dortmund Maximilian Beier
51%
81 Leverkusen Robert Andrich
49%
77 Leipzig Timo Werner
49%
82 Frankfurt Jonathan Burkardt
47%
78 Brentford Kevin Schade
45%
79 Leeds Anton Stach
43%
78 Newcastle Malick Thiaw
43%
79 Wolfsburg Maximilian Arnold
43%
82 Frankfurt Robin Koch
43%
79 Monaco Thilo Kehrer
41%
78 Leverkusen Jonas Hofmann
37%
78 Leipzig Lukas Klostermann
37%
81 Gladbach Tim Kleindienst
37%
80 Leipzig Benjamin Henrichs
35%
77 Freiburg Christian Gunter
35%
77 Stuttgart Chris Fuhrich
33%
81 Mainz Nadiem Amiri
33%
76 Brentford Vitaly Janelt
33%
76 Inter Yann Bisseck
33%
75 Gladbach Florian Neuhaus
31%
76 Bayern Tom Bischof
31%
77 Frankfurt Ansgar Knauff
24%
79 Nashville Hany Mukhtar
22%
77 Frankfurt Nathaniel Brown
22%
75 Union Berlin Rani Khedira
22%
75 Stuttgart Jamie Leweling
20%
78 Al Qadsiah Julian Weigl
20%
76 Birmingham City Marvin Ducksch
20%
77 Freiburg Noah Atubolu
20%
78 Mainz Paul Nebel
20%
78 Mainz Robin Zentner
20%
78 Stuttgart Julian Chabot
18%
78 Twente Lars Unnerstall
18%
75 Augsburg Marius Wolf
18%
77 Augsburg Finn Dahmen
16%
77 FC Koln Marvin Schwabe
16%
76 Frankfurt Michael Zetterer
16%
75 Wolfsburg Yannick Gerhardt
16%
75 Dortmund Alexander Meyer
14%
77 Mainz Dominik Kohr
14%
75 Philadelphia Union Kai Wagner
14%
76 FC Koln Marius Bulter
14%
75 Gladbach Moritz Nicolas
14%
78 Como Nicolas Kuhn
14%
76 Heidenheim Patrick Mainka
14%
78 Leipzig Ridle Baku
14%
77 Gladbach Rocco Reitz
14%
77 Mainz Benedict Hollerbach
12%
75 Hertha Fabian Reese
12%
76 Besiktas Felix Uduokhai
12%
78 Werder Bremen Mitchell Weiser
12%
76 FC Koln Eric Martel
10%
75 Freiburg Lukas Kubler
10%
75 Werder Bremen Niklas Stark
10%
76 Feyenoord Timon Wellenreuther
10%
75 FC Koln Tom Kraus
10%
75 Werder Bremen Amos Pieper
8%
75 Mainz Danny da Costa
8%
75 Union Berlin Derrick Kohn
8%
76 Freiburg Jan-Niklas Beste
8%
75 Freiburg Maximilian Eggestein
8%
77 Gladbach Robin Hack
8%
75 Bochum Kevin Vogt
6%
75 Heidenheim Marvin Pieringer
6%
75 Hoffenheim Mergim Berisha
6%
76 Wolfsburg Moritz Jenz
6%
75 Freiburg Patrick Osterhage
6%
76 Hellas Verona Suat Serdar
6%
75 Hoffenheim Grischa Promel
4%
75 Gladbach Philipp Sander
4%
75 Augsburg Phillip Tietz
4%
75 FC Koln Ron-Robert Zieler
4%
75 St. Louis City Marcel Hartel
2%
76 Kaiserslautern Marvin Wanitzek
2%
No matching quizzes found
Score Distribution
Percent of People with Each Score
Percentile by Number Answered
Your Score History
You have not taken this quiz